1740 1851 1141 1457 1829 1826 1220 1398 1576 1724 1062 1403 1520 1849 1996 1335 1083 1785 1949 1516 1080 1262 1643 1302 1181 1760 1734 1717 1648 1064 1739 1378 1586 1047 1405 1312 1905 1787 1235 1766 1114 1661 1689 1101 1943 1980 1565 1504 1520 1686 1114 1412 1573 1567 1286 1224 1859 1248 1262 1884 1515 1886 1220 1231 1941 1666 1917 1074 1276 1296 1975 1963 1405 1380 1560 1872 1126 1154 1146 1086 1303 1141 1831 1709 1857 1669 1525 1664 1842 1598 1308 1476 1225 1781 1016 1458 1620 1540 1816 BCNSPRNW ULIB Ver.6.0+V

เปลี่ยนเป็นภาษาไทย

Change to English
 แสดงรายละเอียดบรรณานุกรม
  กลับหน้าหลัก

Brief Record : Get Marc (ISO 2709) : E-mail record : QR code < ปิดหน้าต่าง
LEADER : 00000nam 2200000uu 4500
001    13399127593
003     ULIB
008    210222s2560||||th 000 0 tha d
020    ^a9786169203568
060  4 ^aWO500^bต367
100 0  ^aเฉนียน เรืองเศรษฐกิจ, บรรณาธิการ
245 10 ^aตำราหัตถการพื้นฐานศัลยศาสตร์ /^cบรรณาธิการ, เฉนียน เรืองเศรษฐกิจ, พลากร สุรกุลประภา, กษยา ตันติผลาชีวะ, ธีรนุช บุญพิพัฒนาพงศ์ และ บูรพา กาญจนบัตร
250    ^aพิมพ์ครั้งที่ 2
260    ^aกรุงเทพฯ :^bราชวิทยาลัยศัลยแพทย์แห่งประเทศไทย, ^c2560
300    ^a320 หน้า :^bภาพประกอบสี ;^c21 ซม
500    ^aผู้ใหญ่
504    ^aบรรณานุกรมท้ายบท
505 0  ^aการล้างมือ การสวมเสื้อกาวน์ และเทคนิคปลอดเชื้อเบื้องต้น --เครื่องมือพื้นฐานทางศัลยกรรม -- การป้องกันอุบัติเหตุทางการแพทย์ --การดูแลแผลและสายระบาย --การฉีดยาระงับความรู้สึกเฉพาะที่และการฉีดยาชาที่นิ้ว -- การเย็บและการผูก-- การผ่าตัดก้อนทูมผิวหนังชนิดเป็นถุง และก้อนไขมันใต้ผิวหนัง --การตรวจทางทวารหนัก -- การใส่สายทางจมูกลงสู่กระเพาะอาหาร --หัตถการพื้นฐานของเล็บ -- การใส่สายสวนกระเพาะปัสสาวะ --การดูแลทวารเทียม -- การใส่สายสวนหลอดเลือดดำส่วนกลาง --การใส่ท่อระบายทรวงอก -- การผ่าตัดไส้ติ่ง
650  2 ^aSurgical Instruments
650  7 ^aศัลยศาสตร์
650  7 ^aอุปกรณ์และเครื่องมือศัลยกรรม
700 0  ^aพลากร สุรกุลประภา,^eบรรณาธิการ
700 0  ^aกษยา ตันติผลาชีวะ,^eบรรณาธิการ
700 0  ^aธีรนุช บุญพิพัฒนาพงศ์ ,^eบรรณาธิการ
700 0  ^aบูรพา กาญจนบัตร,^eบรรณาธิการ
710 2  ^aราชวิทยาลัยศัลยแพทย์แห่งประเทศไทย
945    ^p300^l0^i28621
945    ^p300^l0^i28622
945    ^p300^l0^i28623
945    ^p300^l0^i28624
945    ^p300^l0^i28625
999    ^aกัณชพร จุลอักษร
รายการนี้ยังไม่มีแท็ก
คุณยังไม่ได้ล็อกอิน คุณสามารถมีกิจกรรมร่วมกับเว็บไซต์ได้ แต่ต้องล็อกอินก่อน ::
  ล็อกอิน

รายการสื่อสารสนเทศ

ลำดับที่ ประเภท เลขเรียก/บาร์โค้ด สถานที่ สถานะ
1. หนังสือสำรอง
หนังสือสำรอง
WO500 ต367 ฉ.1 
  Barcode: 28621
ห้องสมุดวิทยาเขตนครสวรรค์
►หนังสือทั่วไป:l:General Books
บนชั้น
2. วิทยาศาสตร์การแพทย์ และสุขภาพ
วิทยาศาสตร์การแพทย์ และสุขภาพ
WO500 ต367 ฉ.2 
  Barcode: 28622
ห้องสมุดวิทยาเขตนครสวรรค์
►หนังสือทั่วไป:l:General Books
บนชั้น
3. วิทยาศาสตร์การแพทย์ และสุขภาพ
วิทยาศาสตร์การแพทย์ และสุขภาพ
WO500 ต367 ฉ.3 
  Barcode: 28623
ห้องสมุดวิทยาเขตนครสวรรค์
►หนังสือทั่วไป:l:General Books
บนชั้น
4. วิทยาศาสตร์การแพทย์ และสุขภาพ
วิทยาศาสตร์การแพทย์ และสุขภาพ
WO500 ต367 ฉ.4 
  Barcode: 28624
ห้องสมุดวิทยาเขตนครสวรรค์
►หนังสือทั่วไป:l:General Books
บนชั้น
5. วิทยาศาสตร์การแพทย์ และสุขภาพ
วิทยาศาสตร์การแพทย์ และสุขภาพ
WO500 ต367 ฉ.5 
  Barcode: 28625
ห้องสมุดวิทยาเขตนครสวรรค์
►หนังสือทั่วไป:l:General Books
บนชั้น

รายการใกล้เคียง
    ผู้แต่ง [เฉนียน เรืองเศรษฐกิจ, บรรณาธิการ]

    หัวเรื่อง [Surgical Instruments]
    หัวเรื่อง [ศัลยศาสตร์]
    หัวเรื่อง [อุปกรณ์และเครื่องมือศัลยกรรม]

BibComment


ยังไม่เคยถูกคอมเมนท์

คอมเมนท์ทรัพยากรรายการนี้
  คอมเมนท์: ตำราหัตถการพื้นฐ..


 Copyright 2026. Bcnsprnw @Library